Generative Ai Cybersecurity and Ethics
Zapisane w:
| 1. autor: | |
|---|---|
| Format: | Książka |
| Wydane: |
Wiley
|
| Etykiety: |
Nie ma etykietki, Dołącz pierwszą etykiete!
|
MARC
| LEADER | 00000nam a2200000Ia 4500 | ||
|---|---|---|---|
| 005 | 20260513122053.0 | ||
| 020 | |a 9781394279265 | ||
| 100 | |a Islam | ||
| 365 | |||
| 365 | |b 20.00 | ||
| 942 | |c BK | ||
| 245 | |a Generative Ai Cybersecurity and Ethics | ||
| 260 | |b Wiley | ||
| 999 | |c 97 |d 97 | ||
| 952 | |0 0 |1 0 |4 0 |7 0 |a UNSW |b UNSW |d 2026-05-06 |g 112.95 |i 16686 |l 0 |p 000086 |r 2026-05-13 12:20:53 |v 112.95 |w 2026-05-13 |y BK | ||